Quizzes
Events
Quiz Creation
Community
Videos
Private Events
Remove Ads
Sign In
Join for FREE
Feedback
Dark Mode
Quiz Categories
Sports
Geography
Music
Movies
Television
Just For Fun
Miscellaneous
History
Literature
Language
Science
Gaming
Entertainment
Religion
Holiday
For Kids
Quiz Lab
Recent
Popular Today
Quiz Kudos Today
Editor Picks
Curator Picks
Quizzes by...
Day
Popularity
Type
Ratings
Length
Year
Community
Subscriptions
Recent Discussions
Orange Saloon
Badges
Playlists
Quests
Create
Leaderboards
Showdown
Live 5
Trivia Bingo
Activity
Puzzle Library
Sporcle Events
Private Events
Virtual Trivia
Globe League
Become a Host
Pub Owners
SporcleCon
Opinionation
Our Games
Videos
Blog
Mobile Apps
Partnerships
Remove Ads and Go Orange
Feedback
Sports
Athletes
MLB
NBA
NHL
NFL
Soccer
Sports Teams
WWE
NCAA
Football
Premier League
Basketball
Baseball
Hockey
Golf
Tennis
Cricket
Rugby
Auto Racing
Olympics
World Cup
Sports
Athletes
MLB
NBA
NHL
NFL
Soccer
Sports Teams
WWE
NCAA
Football
Premier League
Basketball
Baseball
Hockey
Golf
Tennis
Cricket
Rugby
Auto Racing
Olympics
World Cup
Random Quiz
Search Sporcle
×
Quiz Lab
Quiz Lab
Sports
Cricket
Type in answers that appear in a list
Type in answers that appear in a list
Classic
Best Score? Go Orange.
Australian ODI Captains Stats
Can you name the Australian ODI Cricket Captains?
By
Wombat
5m
21 Questions
909 Plays
909 Plays
909 Plays
Comments
Comments
Give Quiz Kudos
Give Quiz Kudos
-
- Ratings
hide this ad
More Info
Replay
Link that replays current quiz
Next Quiz
Link to next quiz in quiz playlist
You Got
0%
They Got
Avg Score
67%
Avg Friend Score
Upgrade to see
Score Distribution
Jump to the score distribution portion of the page
Score
0/21
Timer
05:00
0
Plays Today
Span
Player
% Correct
2002-
2012
Ricky Ponting
98.7%
1997-
2002
Steve Waugh
97.7%
2008-
2013
Michael Clarke
97%
1985-
1994
Allan Border
95.3%
2001-
2007
Adam Gilchrist
94.9%
1998-
1999
Shane Warne
91.4%
1992-
1997
Mark Taylor
90.7%
1972-
1975
Ian Chappell
85.8%
1975-
1983
Greg Chappell
85.8%
2012-
2013
Shane Watson
79.2%
2013
George Bailey
76.9%
Span
Player
% Correct
2006-
2007
Mike Hussey
76.4%
1979-
1984
Kim Hughes
76.1%
1996-
1997
Ian Healy
67.6%
1987-
1991
Geoff Marsh
66.7%
1971
Bill Lawry
48.2%
2011
Cameron White
46.9%
1979
Graham Yallop
43.2%
1978
Bob Simpson
39.3%
1983
David Hookes
20.9%
1986
Ray Bright
15.4%
Quiz Playlist
Details
Report
Send in Message
Add To Playlist
More Info:
Updated 24th October 2013
Classic:
Type in answers that appear in a list
Last Updated: Feb 20, 2019
Quiz Scoreboard
CHALLENGE
Sign Up to Join the Scoreboard
Show All
Scores
Hide
Comments
May contain spoilers
Recently Published
College Basketball Coaching Resumes
by pancakes188
Sports
9m
Billboard Blitz: Fleetwood Mac
by CooCooCachoo
Music
15s
Presidents Visiting Landmarks
by Hejman
History
7m
More to Explore
Quiz From the Vault
Featured Blog Post
Where Did the Easter Bunny Come From?
hide this ad
You Might Also Like...
Tags
Cricket Quiz
Australia
captain
Matching
odi
ODI Cricket
Player
Today's Top Quizzes in Sports
Browse Sports
hide this ad
Today's Top Quizzes in Cricket
Browse Cricket
Top Contributed Quizzes in Sports
1
2022 World Cup Stars
2
Les meilleurs buteurs des matchs entre le PSG et l’OM
3
FIFA Club World Cup Champions
4
Les entraîneurs de l'OM et du PSG au 21e siècle
5
Criteria MLB: Left Handed Sluggers
6
AFC Teams Reveal (Wrong Answers Minefield)
7
5-to-1: UK Sports Teams
8
5-to-1: FBS Animal Nicknames
9
2023 MLB Unique Player Accomplishments
10
Name the Premier League winners with different clubs
Explore More
Trending Topics
Crossword
Kpop
Marvel
NBA
Anime
Disney
Harry Potter
Puzzle
Soccer
Song
The Office
NFL
Pokémon
Country
WWE
hide this ad
More By:
Wombat
Quiz
Plays
Rating
Category
Featured
Created
Australia's last 100 Test Cricket debutants
6,394
3.40
Sports
Jan 3, 2010
Cricket Most Test Matches
5,987
4.73
Sports
Jan 4, 2010
Most Catches in Test Cricket
3,445
4.75
Sports
Feb 19, 2010
Test Cricket Captains to Australia
2,891
5.00
Sports
Jan 4, 2010
Australian ODI Centurions
2,715
5.00
Sports
Feb 19, 2010
Go to Creator's Profile
Score Distribution
Quiz Creator Spotlight
Wombat
Follow
Send a Message
Quizzes Created
-
Created Quiz Play Count
-
More By This Creator
Popular Quizzes Today
1
Find the US States - No Outlines Minefield
2
Find the Countries of Europe - No Outlines Minefield
3
The Countries of the World
4
Find the US States
5
Risky Map Clicking: Biggest States A-Z
6
US States
7
Popular People in 1961
8
Movies - When Are They Set?
More Sports Quizzes
Brazil’s Number 10
Curator's Pick
Trending Quizzes
Risky Map Clicking: Least Populous States A-Z
1-10 Letter G Words
1-10 Letter F Words
Risky Map Clicking: Next State Alphabetically
Risky Map Clicking: Biggest States A-Z
Recently Updated
Leaping Animals
pecheneg
Reality TV Shows (A-Z)
bhenderson79
Rickey Henderson's Hall of Fame Teammates
pecheneg
Champions League XIs: Arsenal
pecheneg
Quick Pick: Celebrities in WWE's Hall of Fame
aduchscher
A-Z Keypad Blitz II
pecheneg
Multiple Oscar Actors
pecheneg
Mystery Phrase Blitz: Oscar 'Best Actors'
pecheneg
F. Scott Fitzgerald Novels
LTH
Pick 3 Villains
ddd62291
Trending Topics
Crossword
Kpop
Anime
Marvel
NBA
Disney
Harry Potter
Puzzle
Song
Pokémon
NFL
WWE
Soccer
Country
The Office
Your Account Isn't Verified!
In order to create a playlist on Sporcle, you need to verify the email address you used during registration. Go to your
Sporcle Settings
to finish the process.
Report this User
Report this user for behavior that violates our
Community Guidelines
.
Details:
Send Report
Go to the Sporcle.com Mobile Site →
Comments